| 000 | 00662nam a2200241Ia 4500 | ||
|---|---|---|---|
| 005 | 20260430150351.0 | ||
| 008 | 008 250103s9999 xx 000 0 eng d | ||
| 037 | _aTheses | ||
| 040 | _aCRL | ||
| 040 | _beng | ||
| 040 | _ceng | ||
| 041 | _2eng | ||
| 041 | _aeng | ||
| 084 | _qCRL | ||
| 100 |
_aGoel Anshu Au.; Dhaor Sangeeta Sharma Gu. _91237277 |
||
| 245 | 0 | _aStudy on Prisoners with Disabilities Staying in Prisons of Delhi, India | |
| 260 | _c2023 | ||
| 300 | _a174p. | ||
| 650 | _aSocial Change; Social Work | ||
| 700 | _aUniversity of Delhi. Faculty of Social Sciences. Deptt. of Social Work | ||
| 942 | _cTH | ||
| 999 |
_c1849614 _d1849614 |
||